000 00402nam a2200133Ia 4500
008 220217s9999||||xx |||||||||||||| ||und||
020 _a9788131727096
082 _a005.1 GOM
100 _aGomaa, Hassan
245 0 _aSoftware design methods for concurrent and real time systems
260 _aPearson education of asia
_bNew Delhi
_c2009
300 _aXV, 447p.
_b399
650 _aSOFTWARE DESIGN
999 _c182624
_d182624